Biggest British Cities A-Z - Statistics

General Stats
  • This quiz has been taken 99 times
  • The average score is 14 of 25
Answer Stats
Letter Population City % Correct
B 1,121,408 Birmingham
100%
L 8,776,535 London
99%
M 470,411 Manchester
97%
E 505,310 Edinburgh
94%
G 631,690 Glasgow
94%
C 348,546 Cardiff
85%
N 299,797 Nottingham
82%
S 500,552 Sheffield
82%
A 196,220 Aberdeen
80%
O 170,798 Oxford
76%
P 266,983 Plymouth
69%
Y 141,671 York
68%
K 270,806 Kingston upon Hull
65%
I 151,562 Ipswich
64%
D 275,599 Derby
61%
R 203,808 Reading
44%
W 234,015 Wolverhampton
43%
H 141,692 Huddersfield
26%
T 156,896 Telford
11%
J 29,465 Jarrow
6%
F 60,652 Farnborough
3%
Z 668 Zeals
1%
Q 21,124 Quedgeley
0%
U 41,731 Urmston
0%
V 15,831 Viewpark
0%
No matching quizzes found
Score Distribution
Percent of People with Each Score
Percentile by Number Answered
Your Score History
You have not taken this quiz